[Event "Wuerttemberg-ch KT"]
[Site "Tuebingen"]
[Date "2007.08.31"]
[Round "7"]
[White "Huhn, Stefan"]
[Black "Gnirk, Torsten"]
[Result "1/2-1/2"]
[WhiteElo "2075"]
[BlackElo "2116"]
[PlyCount "46"]
[EventDate "2007.08.25"]
[EventType "swiss"]
[EventRounds "9"]
[EventCountry "GER"]
[SourceTitle "CBM 120 Extra"]
[Source "ChessBase"]
[SourceDate "2007.11.01"]
[SourceVersion "1"]
[SourceVersionDate "2007.11.01"]
[SourceQuality "1"]

1. d4 d5 2. Nf3 Nf6 3. e3 e6 4. Bd3 Bd6 5. 0-0 Nc6 6. Re1 0-0 7. Nbd2 e5 8. dxe5 Nxe5 9. Nxe5 Bxe5 10. Nf3 Bd6 11. c4 Bg4 12. cxd5 Nxd5 13. Be4 Be6 14. Bd2 c6 15. Qc2 h6 16. Bf5 Qf6 17. Bxe6 Qxe6 18. a3 Rfe8 19. Rad1 Rad8 20. Bc3 Nxc3 21. Qxc3 Bc7 22. Qc2 Bb6 23. h3 g6 1/2-1/2

[Event "EU-ch 8th"]
[Site "Dresden"]
[Date "2007.04.09"]
[Round "7"]
[White "Makolli, Perparim"]
[Black "Gnirk, Torsten"]
[Result "1-0"]
[WhiteElo "2245"]
[BlackElo "2131"]
[PlyCount "53"]
[EventDate "2007.04.03"]
[EventType "swiss"]
[EventRounds "11"]
[EventCountry "GER"]
[SourceTitle "CBM 118"]
[Source "ChessBase"]
[SourceDate "2007.05.31"]
[SourceVersion "1"]
[SourceVersionDate "2007.05.31"]
[SourceQuality "1"]

1. e4 c5 2. Nf3 e6 3. d4 cxd4 4. Nxd4 a6 5. Bd3 Bc5 6. Nb3 Ba7 7. Qe2 Nc6 8. c4 d6 9. Nc3 Qh4 10. Be3 Nf6 11. g3 Qh3 12. Bxa7 Rxa7 13. 0-0-0 0-0 14. f4 e5 15. f5 Rd8 16. Qf2 Ra8 17. Kb1 b5 18. cxb5 axb5 19. Bxb5 Bb7 20. Qb6 Nd4 21. Nxd4 Nxe4 22. Qxb7 Nxc3+ 23. bxc3 exd4 24. Rxd4 Qxf5+ 25. Bd3 Qa5 26. Qb3 Re8 27. Rf1 1-0

[Event "EU-ch 8th"]
[Site "Dresden"]
[Date "2007.04.05"]
[Round "3"]
[White "Gnirk, Torsten"]
[Black "Wichmann, Cliff"]
[Result "0-1"]
[WhiteElo "2131"]
[BlackElo "2392"]
[PlyCount "136"]
[EventDate "2007.04.03"]
[EventType "swiss"]
[EventRounds "11"]
[EventCountry "GER"]
[SourceTitle "CBM 118"]
[Source "ChessBase"]
[SourceDate "2007.05.31"]
[SourceVersion "1"]
[SourceVersionDate "2007.05.31"]
[SourceQuality "1"]

1. d4 d5 2. Nf3 Nf6 3. Bg5 Ne4 4. Bh4 c5 5. c3 Qb6 6. Qb3 Nc6 7. Qxb6 axb6 8. e3 c4 9. Nfd2 g5 10. Nxe4 gxh4 11. Ned2 e6 12. Nf3 Be7 13. Nbd2 b5 14. b4 cxb3 15. Nxb3 b4 16. c4 0-0 17. Bd3 Ra3 18. Kd2 Bd7 19. cxd5 exd5 20. Kc2 Na7 21. Ne5 Bb5 22. Bf5 Bc4 23. Bd7 Rd8 24. Bf5 Nb5 25. Kb2 Nc3 26. Nxc4 dxc4 27. Nd2 Na4+ 28. Kc2 Ra8 29. Be4 Nc3 30. Nxc4 Rxa2+ 31. Rxa2 Rxa2+ 32. Kd3 Nxe4 33. Kxe4 Rxf2 34. d5 Rxg2 35. d6 Bd8 36. Ne5 b3 37. Rb1 b2 38. Nc4 Rxh2 39. Nxb2 h3 40. Nd3 Rg2 41. Nf4 Rd2 42. Nxh3 b6 43. Ke5 Rd3 44. Re1 Kg7 45. Nf4 Ra3 46. Rg1+ Kf8 47. Nd5 h5 48. Rc1 Ke8 49. Rc8 Kd7 50. Rc2 f6+ 51. Nxf6+ Bxf6+ 52. Kxf6 Rxe3 53. Kg5 Re5+ 54. Kf4 Kxd6 55. Rc8 Rc5 56. Rh8 Kc6 57. Ke4 Kb5 58. Kd3 Kb4 59. Rh6 b5 60. Rh8 Kb3 61. Rd8 b4 62. Kd2 Kb2 63. Rb8 Rd5+ 64. Ke3 b3 65. Rb7 Kc2 66. Rc7+ Kb1 67. Ke2 b2 68. Rc8 Ra5 0-1

[Event "EU-ch 8th"]
[Site "Dresden"]
[Date "2007.04.04"]
[Round "2"]
[White "Butnorius, Algimantas"]
[Black "Gnirk, Torsten"]
[Result "1/2-1/2"]
[WhiteElo "2402"]
[BlackElo "2131"]
[PlyCount "50"]
[EventDate "2007.04.03"]
[EventType "swiss"]
[EventRounds "11"]
[EventCountry "GER"]
[SourceTitle "CBM 118"]
[Source "ChessBase"]
[SourceDate "2007.05.31"]
[SourceVersion "1"]
[SourceVersionDate "2007.05.31"]
[SourceQuality "1"]

1. d4 Nf6 2. Nf3 c5 3. d5 g6 4. Nc3 d6 5. e4 Bg7 6. Be2 0-0 7. 0-0 Na6 8. Bf4 Nh5 9. Be3 f5 10. exf5 gxf5 11. Ng5 Nf6 12. Qd2 Nc7 13. a4 Bd7 14. Nh3 Qe8 15. Bh6 Bxh6 16. Qxh6 Qg6 17. Qxg6+ hxg6 18. Rfe1 Nfxd5 19. Nxd5 Nxd5 20. Bc4 e6 21. Ng5 Rae8 22. Nxe6 Bxe6 23. Rxe6 Rxe6 24. Bxd5 Rfe8 25. Re1 Kf7 1/2-1/2